Higher education administration for social justice and equity : (Record no. 603118)
[ view plain ]
| 000 -LEADER | |
|---|---|
| fixed length control field | 00573nam a22001457a 4500 |
| 020 ## - INTERNATIONAL STANDARD BOOK NUMBER | |
| International Standard Book Number | 9781138351684 |
| 082 ## - DEWEY DECIMAL CLASSIFICATION NUMBER | |
| Classification number | 378.101 |
| Author Mark | HIG |
| 245 ## - TITLE STATEMENT | |
| Title | Higher education administration for social justice and equity : |
| Remainder of title | critical perspectives for leadership / |
| Statement of responsibility, etc. | edited by Adrianna Kezar, |
| 260 ## - PUBLICATION, DISTRIBUTION, ETC. | |
| Place of publication, distribution, etc. | New York: |
| Name of publisher, distributor, etc. | Routledge Taylor & Francis Group; |
| Date of publication, distribution, etc. | 2020. |
| 300 ## - PHYSICAL DESCRIPTION | |
| Extent | 273p. |
| 563 ## - BINDING INFORMATION | |
| Binding note | PB |
| 650 ## - SUBJECT ADDED ENTRY--TOPICAL TERM | |
| Topical term or geographic name entry element | Social justice and education |
| -- | Education, Higher--Administration |
| -- | Educational equalization |
| 700 ## - ADDED ENTRY--PERSONAL NAME | |
| Personal name | Adrianna J. Kezar & Julie Posselt |
| 942 ## - ADDED ENTRY ELEMENTS (KOHA) | |
| Source of classification or shelving scheme | |
| Koha item type | Book |
| 650 ## - SUBJECT ADDED ENTRY--TOPICAL TERM | |
| -- | 118059 |
| 700 ## - ADDED ENTRY--PERSONAL NAME | |
| -- | 119628 |
| Withdrawn status | Lost status | Source of classification or shelving scheme | Damaged status | Not for loan | Permanent Location | Current Location | Date acquired | Total Checkouts | Full call number | Barcode | Date last seen | Price effective from | Koha item type |
|---|---|---|---|---|---|---|---|---|---|---|---|---|---|
| Central Library (CL) | Central Library (CL) | 09/20/2023 | 378.101 HIG | CL-1498 | 09/20/2023 | 09/20/2023 | Book |
